000 00574nam a2200229Ia 4500
003 OSt
005 20220924121636.0
006 a|||||r|||| 00| 0
007 ta
008 220923b |||||||| |||| 00| 0 urd d
020 _c1.00
024 _a311283
037 _cTextual
040 _aARTS
_cARTS
_burd
041 _2urd
_aurd
082 _aO168,1x(NR), E3
245 0 _aMajmua-e-gulshan-e-raag
260 _aKanpur
_bMatbeAziz India
_c1913
650 _aURDU POETRY
942 _hO168,1x(NR), E3
_cTEXL
_2CC
999 _c408391
_d408391